00657 a2200205 4500020001500000020001800015082001300033090001300046100002900059245005900088260003900147300002100186490003000207700002900237700001800266830003000284942002600314999001700340952009400357 a1584887052 a978158488705804a539.7216 c834d834 aMacGregor, I.J. Douglas.10aHadron physics /cI.J. Douglas MacGregor, Ralf Kaiser. a[S.l.] :bTaylor & Francis,c2006. a474 p. ;c24 cm.1 aScottish graduate series.1 aMacGregor, I.J. Douglas.1 aKaiser, Ralf. 0aScottish graduate series. aSNScBKk539.7216 MAC c29458d29458 00104070aSNSbSNSd2016-05-26l0o539.7216 MACpSNS0001003r2016-05-26w2016-05-26yBK